Normal view
MARC view
- SIGNAL PROCESSING DIGITAL TECHNIQUES SYSTEM DESIGN
Entry Topical Term
001 - CONTROL NUMBER
- control field: 66443
003 - CONTROL NUMBER IDENTIFIER
- control field: NUST
005 - DATE AND TIME OF LATEST TRANSACTION
- control field: 20210628203607.0
008 - FIXED-LENGTH DATA ELEMENTS
- fixed length control field: 210628|| aca||aabn | a|a d
040 ## - CATALOGING SOURCE
- Original cataloging agency: NUST
- Transcribing agency: NUST
150 ## - HEADING--TOPICAL TERM
- Topical term or geographic name entry element: SIGNAL PROCESSING DIGITAL TECHNIQUES SYSTEM DESIGN
670 ## - SOURCE DATA FOUND
- Source citation: Work cat.: (NUST): LUCAS, JOSEPH G, HODGKISS, WILLIAM S, DEFATTA, DAVID J 66442, DIGITAL SIGNAL PROCESSING, A SYSTEM DESIGN APPROACH, 1988
